JANOVSKÝ, Štefan náboženský spisovateľ (29. 1. 1853 - 14. 11. 1881 Piešťany, okr. Trnava)

Bibliographic Details
Format: Article
Language:Slovak
Subjects:

MARC

LEADER 00000naa a2200000uu 4500
001 vtls010918941
003 SK-MaSNL
005 20260302131623.0
008 220808|1987 xo |||||||||||||||||slo|
015 |a SNBRA 
035 |a (urnnbn)urn:nbn:sk:snk:ar-a0cya2 
035 |a (uuid)72d764f3-3f0f-49ce-84ea-b45a3c9d5caf 
035 |a urn:nbn:sk:snk-aatmzl 
040 |a SNKBUCL  |b slo  |c SNKBUCL  |e AACR2 
041 0 |a slo 
044 |a xo  |c SK 
245 0 0 |a JANOVSKÝ, Štefan  |b náboženský spisovateľ (29. 1. 1853 - 14. 11. 1881 Piešťany, okr. Trnava) 
655 7 |a biografické heslá  |2 SNKPH  |9 368942 
773 0 |t Slovenský biografický slovník : (od roku 833 do roku 1990). II. zväzok, E-J  |d Martin : Matica slovenská, 1987  |g S. 533 
954 |a odborná, vedecká literatúra pôvodná (slovenská)  |2 lita 
958 |a BX 
958 |a OND 
958 |a chapter 
958 |a article25 
999 |c 1309421  |d 1311351